00727nam a22002297a 450000500170000001000130001702000110003003500130004103700160005404000120007008200130008210000350009524500460013026000420017627000420021830000200026065000260028065000260030694200220033299900190035495201240037320170124110057.0 aA-715303 c110.00 aA-715303 bCen Lib/Ret aDPLbEN a954bBRA aBrailsford, Henry Noel 979444 aIndia rebels /cby Henry Noel Brailsford  aNew Delhi bPublications India c1987 aP.O. box no. 7188bNew Delhi e110002 a183p.c21cm(Hb) aHistory zIndia 9436 aSocial change 979445 2ddccENh954mBRA c129567d129567 00104070aLbLd2015-07-07eCen Lib/Retg110.00l0o954 BRApA-715303r2015-07-07 00:00:00t1v110.00w2015-07-07yEN